000
00333pab a2200145 454500
008
180718b1984 xxu||||| |||| 00| 0 eng d
100
_a
Desai, M.V
245
_a
Modern technology for small units
260
_c
1984
300
_a
385-6
362
_a
8 Sept.
650
_a
Technology - India
773
_a
Commerce
909
_a
19152
999
_c
19152
_d
19152